Biología pedagógica / (Record no. 59283)

MARC details
000 -LEADER
campo de control de longitud fija 00984nam a2200253 i 4500
001 - NÚMERO DE CONTROL
campo de control 59283
003 - IDENTIFICADOR DE NÚMERO DE CONTROL
campo de control ES-MaACL
005 - FECHA Y HORA DE LA ÚLTIMA TRANSACCIÓN
campo de control 20250814011831.0
007 - CAMPO FIJO DE DESCRIPCIÓN FÍSICA--INFORMACIÓN GENERAL
campo de control de longitud fija t|
008 - DATOS DE LONGITUD FIJA--INFORMACIÓN GENERAL
campo de control de longitud fija 031028s1931 sp ||||1| spa d
100 1# - ENTRADA PRINCIPAL--NOMBRE DE PERSONA
Nombre de persona Eikenberry, William Lewis.
9 (RLIN) 46829
245 10 - MENCIÓN DEL TÍTULO
Título Biología pedagógica /
Mención de responsabilidad, etc. W.L. Eikenberry y R.A. Waldron ; traducción del inglés por Antonio de Zulueta.
260 ## - PUBLICACIÓN, DISTRIBUCIÓN, ETC.
Lugar de publicación, distribución, etc. Madrid :
Nombre del editor, distribuidor, etc. Publicaciones de la Revista de Pedagogía,
Fecha de publicación, distribución, etc. 1931 (
Fabricante Tip. Nacional)
300 ## - DESCRIPCIÓN FÍSICA
Extensión 168 p. ;
Dimensiones 24 cm.
490 1# - MENCIÓN DE SERIE
Mención de serie Biblioteca pedagógica ;
Designación de volumen o secuencia 6
504 ## - NOTA DE BIBLIOGRAFÍA, ETC.
Nota de bibliografía, etc. Bibliografía: p. 167.
505 8# - NOTA DE CONTENIDO CON FORMATO
Nota de contenido con formato Contiene: Parte primera. Adaptación al medio . Parte segunda. El mecanismo de la reacción . Parte tercera. Herencia y evolución de los organismos
650 #7 - PUNTO DE ACCESO ADICIONAL DE MATERIA--TÉRMINO DE MATERIA
Término de materia o nombre geográfico como elemento de entrada Biología
Fuente del encabezamiento o término embne
9 (RLIN) 10580
700 1# - ENTRADA AGREGADA--NOMBRE PERSONAL
Nombre de persona Waldron, R. A.
9 (RLIN) 115904
700 1# - ENTRADA AGREGADA--NOMBRE PERSONAL
Nombre de persona Zulueta, Antonio de.
9 (RLIN) 118471
830 1# - PUNTO DE ACCESO ADICIONAL DE SERIE-TÍTULO UNIFORME
Título uniforme Biblioteca pedagógica ;
Designación de volumen o secuencia 6
9 (RLIN) 182673
852 4# - LOCALIZACIÓN
Ubicación ES-MaACL
Número de control de estantería B-13071
Holdings
Estatus retirado Estado de pérdida Estado de daño No para préstamo Biblioteca de origen Biblioteca actual Ubicación en estantería Fecha de adquisición Fuente de adquisición Total de préstamos Signatura topográfica completa Código de barras Visto por última vez Precio de reemplazo Tipo de ítem Koha
        Biblioteca del Ateneo de Madrid Biblioteca del Ateneo de Madrid Sala Pardo Bazán 17/01/2008     B-13071 1062185 23/02/2023 23/02/2023 Libro impreso